00261nam a2200085Ia 450000100070000000500170000700800410002424500580006526000520012380915820250826171304.0250824s9999 xx 000 0 und d 0aİKİNCİ HAÇLI SEFERİ 1148cDAVİD NİCOLLE bTÜRKİYE İŞ BANKASI KÜLTÜR YAYINLARI